000 00565nam a2200193Ia 4500
008 210719s1980 xx 000 0 und d
020 _a0-07-057417-0
041 _aeng
082 _a658.872 SIMH
100 _aSIMON (Julian L)
245 _aHow to start and operate a mail order business Ed 3
250 _a3
260 _aNew York
_bMcGraw Hill Book Company
_c1980
300 _axvii,536
_bHB
365 _cRs
650 _aManagement
650 _aMarketing Management
906 _a3 ; a ; and ; business ; Ed ; How ; mail ; operate ; order ; start ; to
999 _c214552
_d214552